00469cam a22001812a 4500001000900000003001100009005001700020008004300037040003200080100002200112245003900134260001100173260001500184260000900199300001000208440005000218650001900268  012742  AR-FADEU20211213094056.0  311216n1966####xxu####################dd  cBiblioteca Ernesto Sábato  aUscatescu, George  aMaquiavelo y la pasión del poder  aMadrid  bGuadarrama  c1969  a215 p  aUniversitaria de bolsillon 102p Punto Omega  aMAQUIAVELO, N.